[Event "Frankfurter Stadtmeisterschaft 2026 A"]
[Site "Frankfurt am Main"]
[Date "2026.05.04"]
[Round "2.31"]
[White "Stricker, Konstantin"]
[Black "Besirevic, Adem"]
[Result "1/2-1/2"]
[WhiteElo "1799"]
[BlackElo "1752"]
[PlyCount "80"]
[GameId "2304196703281312"]
[EventDate "2026.04.27"]
[WhiteTeam "SC Eschbach im Usinger Land"]
[BlackTeam "Bad Vilbeler Sfr. 1985"]

1. f4 f5 2. Nf3 Nf6 3. g3 g6 4. Bg2 Bg7 5. d3 Nc6 6. O-O d5 7. Nc3 e6 8. Qe1 O-O 9. e3 Rb8 10. a3 a6 11. e4 Re8 12. e5 Nd7 13. Ne2 Ne7 14. Ned4 Nf8 15. Rb1 c5 16. Nb3 b6 17. c4 Bb7 18. Nbd2 d4 19. b4 Ba8 20. bxc5 bxc5 21. Nb3 Qc7 22. Bd2 Rec8 23. Ba5 Qc6 24. Rf2 Qa4 25. Nxc5 Qxa3 26. Nxa6 Rxb1 27. Qxb1 Qxa5 28. Ra2 Qd8 29. Qb4 h6 30. Nc5 Rb8 31. Qe1 Qc8 32. Na6 Rb6 33. Nb4 Bxf3 34. Bxf3 Qb8 35. Ra8 Qc7 36. Na6 Qd7 37. Nc5 Qc7 38. Na6 Qd7 39. Nc5 Qc7 40. Na6 Qd7 1/2-1/2

[Event "Frankfurter Stadtmeisterschaft 2026 A"]
[Site "Frankfurt am Main"]
[Date "2026.05.04"]
[Round "2.32"]
[White "Fayed, Ahmed"]
[Black "Kuckel, Michael"]
[Result "1/2-1/2"]
[WhiteElo "1679"]
[BlackElo "1719"]
[PlyCount "35"]
[GameId "2304196703281313"]
[EventDate "2026.04.27"]
[WhiteTeam "Sfr.1932 Kelkheim"]
[BlackTeam "SC Matt im Park Ffm"]

1. d4 d5 2. Bg5 Nf6 3. Bxf6 exf6 4. e3 Bd6 5. g3 O-O 6. Bg2 c6 7. Ne2 Bf5 8. Nd2 Re8 9. O-O Na6 10. Re1 Qd7 11. c3 Nc7 12. Rc1 b5 13. b4 Bh3 14. Bh1 Bg4 15. Qc2 a5 16. a3 a4 17. e4 g5 18. Qd3 1/2-1/2

[Event "Frankfurter Stadtmeisterschaft 2026 A"]
[Site "Frankfurt am Main"]
[Date "2026.05.04"]
[Round "2.35"]
[White "Rauscher, Joachim"]
[Black "Grinberg, Igor"]
[Result "1-0"]
[WhiteElo "1761"]
[BlackElo "1600"]
[PlyCount "97"]
[GameId "2304196703297700"]
[EventDate "2026.04.27"]
[WhiteTeam "SC Brett vorm Kopp Ffm"]
[BlackTeam "SAbt TuS Makkabi Ffm"]

1. e4 c6 2. d4 d5 3. Nc3 dxe4 4. Nxe4 Bf5 5. Ng3 Bg6 6. h4 h6 7. h5 Bh7 8. Nf3 Nd7 9. Bd3 Bxd3 10. Qxd3 e6 11. Bd2 Ngf6 12. O-O-O Be7 13. Kb1 Qc7 14. Ne4 O-O-O 15. Qe2 c5 16. c3 Nxe4 17. Qxe4 Nf6 18. Qe2 Bd6 19. g3 Nd7 20. Rh4 Rhe8 21. Rg4 Rg8 22. dxc5 Nxc5 23. Nd4 a6 24. Nc2 Nd7 25. Rc4 Nc5 26. b4 b5 27. bxc5 bxc4 28. cxd6 Rxd6 29. Bf4 Rxd1+ 30. Qxd1 Qb7+ 31. Kc1 Rd8 32. Qe2 Qh1+ 33. Kb2 Qb7+ 34. Kc1 Qh1+ 35. Ne1 Qd5 36. Nf3 f6 37. Nd2 e5 38. Be3 Qh1+ 39. Kc2 Qc6 40. Qg4+ Kb8 41. Kc1 Qa4 42. Qxc4 Qa3+ 43. Kc2 Rc8 44. Qb3+ Qxb3+ 45. axb3 Kb7 46. Nc4 Kc6 47. b4 Kc7 48. Bc5 Kd8 49. Nd6 1-0

[Event "Frankfurter Stadtmeisterschaft 2026 A"]
[Site "Frankfurt am Main"]
[Date "2026.05.04"]
[Round "2.36"]
[White "Shtogrin, Joseph Stephan"]
[Black "Brauch, Manfred"]
[Result "0-1"]
[WhiteElo "1514"]
[BlackElo "1799"]
[PlyCount "52"]
[GameId "2304196703305893"]
[EventDate "2026.04.27"]
[WhiteTeam "SAbt TuS Makkabi Ffm"]
[BlackTeam "Wiesbadener SV 1885"]

1. d4 d6 2. Nf3 Nd7 3. Bf4 Ngf6 4. h3 g6 5. e3 Bg7 6. Be2 O-O 7. O-O c5 8. c3 a6 9. a4 b6 10. Nbd2 Bb7 11. b4 cxb4 12. cxb4 Nd5 13. Qb3 Nxf4 14. exf4 Nf6 15. Bc4 e6 16. Rac1 Nd5 17. g3 Qd7 18. Kg2 b5 19. axb5 axb5 20. Be2 Ra4 21. Qc2 Rxb4 22. Rb1 Rc8 23. Qa2 Nc3 24. Qa3 Rxb1 25. Nxb1 Nxe2 26. Qe3 Nxd4 0-1

[Event "Frankfurter Stadtmeisterschaft 2026 A"]
[Site "Frankfurt am Main"]
[Date "2026.05.04"]
[Round "2.38"]
[White "Roth, Daniel"]
[Black "Hudobec, Nicolas"]
[Result "1-0"]
[WhiteElo "1804"]
[BlackElo "1801"]
[PlyCount "79"]
[GameId "2304196703314087"]
[EventDate "2026.04.27"]
[WhiteTeam "SC Matt im Park Ffm"]
[BlackTeam "SC Eschbach im Usinger Land"]

1. e4 c5 2. c3 Nf6 3. e5 Nd5 4. Nf3 Nc6 5. Bc4 e6 6. O-O d6 7. Bxd5 exd5 8. Re1 Be6 9. exd6 Bxd6 10. d4 O-O 11. Be3 c4 12. Qc2 h6 13. h3 Qf6 14. Nbd2 Ne7 15. g4 g5 16. b3 b5 17. bxc4 bxc4 18. Rab1 Ng6 19. Kg2 Nf4+ 20. Bxf4 Qxf4 21. Rxe6 fxe6 22. Qg6+ Kh8 23. Qxh6+ Kg8 24. Qg6+ Kh8 25. Rb7 Bc7 26. Qh6+ Kg8 27. Qxe6+ Kh8 28. Qxd5 Rab8 29. Rxb8 Bxb8 30. Nxc4 Qc7 31. Nfe5 Rf6 32. Qd7 Qxd7 33. Nxd7 Rc6 34. Nc5 Bd6 35. Nxd6 Rxd6 36. Kf3 Kg7 37. Kg3 Kg6 38. f4 Rc6 39. f5+ Kf6 40. Kf3 1-0

[Event "Frankfurter Stadtmeisterschaft 2026 A"]
[Site "Frankfurt am Main"]
[Date "2026.05.04"]
[Round "2.41"]
[White "Arslan, Abdussamed"]
[Black "Schäfers, Serge"]
[Result "1/2-1/2"]
[WhiteElo "1669"]
[BlackElo "1846"]
[PlyCount "59"]
[GameId "2304196703428778"]
[EventDate "2026.04.27"]
[WhiteTeam "SF Schöneck"]
[BlackTeam "TSV Bindlach Aktionär"]

1. e4 b6 2. d4 Bb7 3. Bd3 e6 4. f4 Nf6 5. Qe2 Nc6 6. Nf3 Nb4 7. e5 Nxd3+ 8. Qxd3 Nd5 9. O-O Nb4 10. Qe2 c5 11. a3 Nc6 12. Be3 cxd4 13. Nxd4 Be7 14. Nc3 O-O 15. Rad1 Nxd4 16. Rxd4 Bc5 17. Rd2 Bxe3+ 18. Qxe3 Bc6 19. Rd4 f6 20. Rfd1 fxe5 21. Qxe5 Qf6 22. Qe3 Qf5 23. b4 Qxc2 24. R1d2 Qf5 25. b5 Bxb5 26. Nxb5 Qxb5 27. Rxd7 Qf5 28. R2d4 h6 29. h3 Rfe8 30. Rb7 1/2-1/2

[Event "Frankfurter Stadtmeisterschaft 2026 A"]
[Site "Frankfurt am Main"]
[Date "2026.05.04"]
[Round "2.42"]
[White "Plattner, Rolf"]
[Black "Grünzig, Matthias"]
[Result "1-0"]
[WhiteElo "1798"]
[BlackElo "1687"]
[PlyCount "113"]
[GameId "2304196703436971"]
[EventDate "2026.04.27"]
[WhiteTeam "SC Schachmatt Weiterstadt"]
[BlackTeam "FV Berkersheim"]

1. e4 e5 2. Nf3 d6 3. d4 exd4 4. Nxd4 Nf6 5. Nc3 Be7 6. Be2 O-O 7. O-O b6 8. Bf3 Bb7 9. e5 Bxf3 10. Qxf3 dxe5 11. Qxa8 exd4 12. Ne2 a5 13. Qf3 c5 14. Bf4 Bd6 15. Rad1 Bxf4 16. Nxf4 Qc7 17. Nd5 Nxd5 18. Qxd5 Nd7 19. Rfe1 Nf6 20. Qf3 Re8 21. Rxe8+ Nxe8 22. c3 dxc3 23. Qxc3 Qe7 24. Re1 Qd8 25. Qe5 Kf8 26. Qe2 Nc7 27. Rd1 Qe7 28. Qd3 g6 29. Qc3 f6 30. Re1 Qd6 31. Qh3 h5 32. Qe3 Kf7 33. Qf3 Qd5 34. Qe2 Qd6 35. Rd1 Qe7 36. Qf3 Ne6 37. Qd5 f5 38. Re1 Kf6 39. Qc6 Kf7 40. Qxb6 Qf6 41. b3 Qe7 42. Qxa5 Qc7 43. Qxc7+ Nxc7 44. Re5 Na6 45. a3 Kf6 46. f4 Kf7 47. Kf2 h4 48. g3 h3 49. Kf3 Kf6 50. g4 Nc7 51. Rxc5 Ne6 52. Rc6 Kf7 53. Rxe6 Kxe6 54. gxf5+ gxf5 55. b4 Kd5 56. Kg3 Ke4 57. b5 1-0

[Event "Frankfurter Stadtmeisterschaft 2026 A"]
[Site "Frankfurt am Main"]
[Date "2026.05.04"]
[Round "2.43"]
[White "Keglevic, Christian"]
[Black "Laufenburg, Frank"]
[Result "1/2-1/2"]
[WhiteElo "1647"]
[BlackElo "1858"]
[PlyCount "54"]
[GameId "2304196703436972"]
[EventDate "2026.04.27"]
[WhiteTeam "SF Schöneck"]
[BlackTeam "SC Bergen-Enkheim 1922"]

1. e4 d5 2. exd5 Nf6 3. d4 Bg4 4. f3 Bf5 5. c4 e6 6. dxe6 Nc6 7. d5 Nb4 8. exf7+ Kxf7 9. Na3 Bc5 10. Qb3 Re8+ 11. Kd1 Qe7 12. Bd2 Rad8 13. Ne2 Nd3 14. Ng3 Nf2+ 15. Kc1 Bg6 16. Nc2 Nxh1 17. Nxh1 c6 18. Ng3 Kf8 19. Nb4 cxd5 20. Nxd5 Nxd5 21. cxd5 Be3 22. Qxe3 Rc8+ 23. Kd1 Bc2+ 24. Ke2 Qc5 25. Ne4 Qxd5 26. Kf2 Bxe4 27. fxe4 Qxe4 1/2-1/2

[Event "Frankfurter Stadtmeisterschaft 2026 A"]
[Site "Frankfurt am Main"]
[Date "2026.05.04"]
[Round "2.44"]
[White "Hebauf, Markus"]
[Black "Graf, Michael"]
[Result "0-1"]
[WhiteElo "1642"]
[BlackElo "1764"]
[PlyCount "58"]
[GameId "2304196703445165"]
[EventDate "2026.04.27"]
[WhiteTeam "Sfr.1932 Kelkheim"]
[BlackTeam "SC Eschborn 1974"]

1. d4 d5 2. c4 c6 3. Nc3 Nf6 4. Nf3 dxc4 5. e4 b5 6. e5 Nd5 7. Bd2 e6 8. a4 a6 9. b3 Nxc3 10. Bxc3 b4 11. Bd2 c3 12. Bg5 Be7 13. Bxe7 Qxe7 14. a5 O-O 15. Qc2 Bb7 16. Bd3 h6 17. O-O c5 18. Be4 cxd4 19. Bxb7 Qxb7 20. Nxd4 Nc6 21. Nxc6 Qxc6 22. Rfd1 Rfd8 23. Kf1 Qb5+ 24. Qe2 c2 25. Rxd8+ Rxd8 26. Ke1 Qc5 27. Rc1 Qc3+ 28. Kf1 Rd2 29. Qe1 Qd3+ 0-1

[Event "Frankfurter Stadtmeisterschaft 2026 A"]
[Site "Frankfurt am Main"]
[Date "2026.05.04"]
[Round "2.47"]
[White "Ghaznavi, Massoud"]
[Black "Biedermann, Andreas"]
[Result "0-1"]
[WhiteElo "1677"]
[BlackElo "1493"]
[PlyCount "170"]
[GameId "2304196703461552"]
[EventDate "2026.04.27"]
[WhiteTeam "SV Oberursel"]
[BlackTeam "SAbt SU Mühlheim"]

1. d4 f5 2. Nc3 Nf6 3. Bd2 g6 4. e3 Bg7 5. Be2 O-O 6. Bc4+ Kh8 7. Nge2 d6 8. O-O e5 9. d5 a6 10. a4 Nbd7 11. b4 Nb6 12. Bb3 Qe8 13. a5 Nbd7 14. Ba4 Qf7 15. Bb3 h6 16. f3 Qe8 17. Rb1 Nh5 18. Qc1 g5 19. Nd1 f4 20. e4 Qg6 21. Nf2 Ndf6 22. g4 fxg3 23. hxg3 Bh3 24. Nxh3 g4 25. fxg4 Qxg4 26. Nf2 Qxe2 27. Re1 Nxg3 28. Bxh6 Nfxe4 29. Qe3 Qxf2+ 30. Qxf2 Nxf2 31. Be3 Ng4 32. Kg2 Nxe3+ 33. Rxe3 Nf5 34. Rh3+ Kg8 35. c4 Nd4 36. Ba2 Rf4 37. c5 Raf8 38. Rb2 Nf3 39. Rg3 Ne1+ 40. Kh3 Rf3 41. Re2 Rxg3+ 42. Kxg3 Rf3+ 43. Kg4 Rf4+ 44. Kg3 Nd3 45. c6 Rxb4 46. cxb7 Nc5 47. Bc4 Nxb7 48. Bxa6 Nxa5 49. Bc8 c5 50. Be6+ Kf8 51. Rf2+ Rf4 52. Ra2 Nc4 53. Ra8+ Ke7 54. Ra7+ Kf6 55. Rf7+ Kg6 56. Rd7 Bh6 57. Rd8 e4 58. Rg8+ Kf6 59. Rh8 Bg5 60. Rh7 Rh4 61. Rf7+ Ke5 62. Rf5+ Kd4 63. Rxg5 Rh1 64. Kg2 Ra1 65. Kf2 Ra3 66. Rg8 e3+ 67. Ke2 Ra2+ 68. Ke1 Ra1+ 69. Ke2 Kc3 70. Rg3 Ra2+ 71. Ke1 Kd3 72. Bf5+ Kd4 73. Rg5 Ne5 74. Rg3 Nd3+ 75. Bxd3 Kxd3 76. Kf1 c4 77. Rg6 c3 78. Rxd6 Kd2 79. Re6 c2 80. d6 c1=Q+ 81. Kg2 Qc6+ 82. Kg3 e2 83. Kf2 Qc5+ 84. Kg3 e1=Q+ 85. Rxe1 Kxe1 0-1